El movimiento estudiantil en la actualidad Argentina: Una aproximación sociohistórica /

Este trabajo tiene el propósito de hacer una somera aproximación general al conocimiento sobre el movimiento estudiantil argentino en el presente. La explicación que se hace de la situación del movimiento estudiantil se lleva a cabo desde un enfoque histórico social y sobre los ejes que trazan algun...

Descrizione completa

Salvato in:
Dettagli Bibliografici
Autore principale: Bonavena, Pablo
Altri autori: Millán, Mariano
Natura: testo
Soggetti:
Tags: Aggiungi Tag
Nessun Tag, puoi essere il primo ad aggiungerne!!

MARC

LEADER 00000 a a2200000 04500
001 44398
003
040
100 |a Bonavena, Pablo  
245 |a El movimiento estudiantil en la actualidad Argentina:   |b Una aproximación sociohistórica /  |c Pablo Bonavena ; Mariano Milaán  
520 |a Este trabajo tiene el propósito de hacer una somera aproximación general al conocimiento sobre el movimiento estudiantil argentino en el presente. La explicación que se hace de la situación del movimiento estudiantil se lleva a cabo desde un enfoque histórico social y sobre los ejes que trazan algunas preguntas generales como: ¿qué caracteriza y cuál es la importancia de los movimientos estudiantiles actualmente? entre otras cosas.  
590 |a RRH/AGOSTO2013  
650 |a 1.MOVIMIENTOS ESTUDIANTILES  
650 |a 2.DEMOCRACIA  
650 |a 3.EDUCACION  
650 |a 4.REFORMA SOCIAL  
650 |a 5.ARGENTINA  
700 |a Millán, Mariano  
773 |g volumen13, número31 (Mayo,2012), páginas 105-122  
999 |c 33383  |d 33383